| Tag |
First Indicator |
Second Indicator |
Subfields |
| LEADER |
00000cam a2200000 a 4500 |
| 001 |
in00001406515 |
| 005 |
20151020072734.0 |
| 008 |
970715s1998 enk b 001 0 eng |
| 010 |
|
|
|a 97030627
|
| 015 |
|
|
|a GB98-13076
|
| 020 |
|
|
|a 1858986389
|
| 035 |
|
|
|a (OCoLC)37331703
|
| 035 |
|
|
|9 AHQ3455AM
|
| 040 |
|
|
|a DLC
|c DLC
|d TXA
|d UtOrBLW
|
| 043 |
|
|
|a n-us---
|
| 049 |
|
|
|a TXAM
|
| 050 |
0 |
0 |
|a HG181
|b .C64 1998
|
| 082 |
0 |
0 |
|a 332.1
|2 21
|
| 100 |
1 |
|
|a Coggins, Bruce,
|d 1958-
|
| 245 |
1 |
0 |
|a Does financial deregulation work? :
|b a critique of free market approaches /
|c Bruce Coggins.
|
| 264 |
|
1 |
|a Cheltenham, UK ;
|a Northampton, MA :
|b Edward Elgar,
|c [1998]
|
| 264 |
|
4 |
|c ©1998
|
| 300 |
|
|
|a viii, 230 pages ;
|c 23 cm.
|
| 336 |
|
|
|a text
|b txt
|2 rdacontent
|
| 337 |
|
|
|a unmediated
|b n
|2 rdamedia
|
| 338 |
|
|
|a volume
|b nc
|2 rdacarrier
|
| 490 |
1 |
|
|a New directions in modern economics
|
| 504 |
|
|
|a Includes bibliographical references (pages 215-225) and index.
|
| 650 |
|
0 |
|a Financial services industry
|x Deregulation
|z United States.
|
| 830 |
|
0 |
|a New directions in modern economics.
|
| 948 |
|
|
|a C:BLW
|d 20030615
|
| 999 |
|
|
|a MARS
|
| 999 |
f |
f |
|s 8eee43d1-68ce-390b-8e9d-763c6c143368
|i fbf2675d-7037-3541-925c-1b7566515d31
|t 0
|
| 952 |
f |
f |
|p ric
|a Texas A&M University
|b Rellis Campus
|c Joint Library Facility
|d Remote Storage
|t 0
|e HG181 .C64 1998
|h Library of Congress classification
|i unmediated -- volume
|m A14822548584
|
| 998 |
f |
f |
|a HG181 .C64 1998
|t 0
|l Remote Storage
|